000 00706nam a22002057a 4500
005 20100806123118.0
010 _aENG-98629
020 _c110.00
035 _aEN-82161
037 _bDBAD/PUB
082 _a910.0203
100 _aKavitha, T.
_97604
245 _aGlossary for physical geography /
_bby T. Kavitha
260 _aChennai
_bPavai Publications
_c2008
270 _aJhani Jhan Khan Road, Royappettai
_bChennai
_e600014
300 _a237p.
_c20cm (pbk)
650 _aPhysical geography
_97605
942 _2ddc
_cEN
_h910.0203
_mKAV
999 _c39707
_d39707